00721nam a2200241 a 4500001001300000003000900013005001700022008004100039020000900080082002100089100002400110245004800134260004200182300000900224500003500233505001000268650002800278700002400306902000800330942000700338952011900345999001500464nice12345678IN_TiNIC20260116011406.0050524s1966 dela grp 000 0 eng  ac2500a305.8095483bSHA aSharma, Brij Narain aSocial Life in Northern India A.D. 600-1000 aDelhibMunshiram Manoharlal Pubc1966 a390p aincludes index and biblioraphy2 aIndex aIndia-Social Conditions1 aSharma, Brij Narain bSRS cBK 001040708StackRoom-aHMIbHMId2008-06-26g25.00l0o305.8095483 SHAp03368r2008-06-26v25.00w2005-05-24yBK c1115d1115